[Event "Tata Steel Chess 2016 GM-B"]
[Site "Wijk aan Zee NED"]
[Date "2016.01.22"]
[Round "6.1"]
[White "Van Foreest, Jorden"]
[Black "Abasov, Nijat"]
[Result "0-1"]
[WhiteElo "2541"]
[BlackElo "2556"]
[PlyCount "150"]
[EventDate "2016.01.16"]
[EventType "tourn"]
[EventRounds "13"]
[EventCategory "13"]
[Source "lmi"]
[SourceDate "2016.01.16"]

1. e4 c6 2. d4 d5 3. e5 Bf5 4. Nf3 e6 5. Be2 Nd7 6. O-O Ne7 7. c3 Bg6 8. Nh4
Nf5 9. Nxg6 hxg6 10. Nd2 f6 11. Nf3 Qc7 12. Bf4 g5 13. Bxg5 Be7 14. Bf4 g5 15.
exf6 Qxf4 16. g3 Nxg3 17. fxg3 Qe3+ 18. Kg2 Bxf6 19. Qd2 Qxd2 20. Nxd2 Ke7 21.
Rae1 Kd6 22. Nb3 Rh6 23. Bg4 Re8 24. Re2 b6 25. Rfe1 Bg7 26. Nd2 e5 27. Nf3 e4
28. Nxg5 Rf8 29. Nxe4+ dxe4 30. Rxe4 Bf6 31. Re6+ Kc7 32. Bf3 Nb8 33. R1e4 Bg5
34. R6e5 Bc1 35. Re2 Nd7 36. Re7 Bg5 37. R7e4 Bd8 38. h4 Rg8 39. h5 Bg5 40. Re6
Nf8 41. Re8 Bd8 42. d5 cxd5 43. R2e5 Nd7 44. Rxg8 Nxe5 45. Be2 Re6 46. g4 Nf7
47. Bd3 Ng5 48. Rg7+ Kc6 49. a4 a5 50. Bb5+ Kc5 51. Rg8 Be7 52. Bd3 Re3 53. Bb5
Re6 54. Bd3 Kd6 55. Kf2 Nh3+ 56. Kf3 Bg5 57. Rg6 Rxg6 58. Bxg6 Ke5 59. Bd3 Nf4
60. Bb5 Ne6 61. Ke2 Nc5 62. Kd1 Ne4 63. Kc2 Nf2 64. Bd7 Kf4 65. Be6 Nxg4 66.
Kd3 Ne3 67. b4 Ke5 68. bxa5 bxa5 69. Bd7 Nc4 70. Bb5 Nd6 71. Bc6 Ne4 72. Be8
Bh6 73. Kc2 Bg7 74. Bg6 Kf4 75. Kd3 Nc5+ 0-1

[Event "Tata Steel Chess 2016 GM-B"]
[Site "Wijk aan Zee NED"]
[Date "2016.01.22"]
[Round "6.3"]
[White "Bok, Benjamin"]
[Black "Batsiashvili, Nino"]
[Result "1/2-1/2"]
[WhiteElo "2607"]
[BlackElo "2485"]
[PlyCount "78"]
[EventDate "2016.01.16"]
[EventType "tourn"]
[EventRounds "13"]
[EventCategory "13"]
[Source "lmi"]
[SourceDate "2016.01.16"]

1. Nf3 d5 2. g3 Nf6 3. Bg2 c5 4. O-O Nc6 5. d4 e6 6. c4 Be7 7. cxd5 exd5 8.
dxc5 Bxc5 9. Nc3 O-O 10. Na4 Be7 11. Be3 Re8 12. Rc1 Bg4 13. h3 Bxf3 14. Bxf3
Qd7 15. Bg2 Rad8 16. Nc5 Bxc5 17. Bxc5 Ne4 18. e3 Qf5 19. Qg4 Qf6 20. Ba3 Ne5
21. Qe2 Nc4 22. Bb4 Qxb2 23. Qxb2 Nxb2 24. Rc7 Nd3 25. Rxb7 Rb8 26. Rxb8 Rxb8
27. a3 h5 28. Rd1 Nexf2 29. Rd2 Nxb4 30. Kxf2 Nc6 31. Rxd5 Rb2+ 32. Kg1 g6 33.
Rd7 Ne5 34. Rxa7 Rb1+ 35. Kf2 Rb2+ 36. Kg1 Rb1+ 37. Kf2 Rb2+ 38. Kg1 Rb1+ 39.
Kf2 Rb2+ 1/2-1/2

[Event "Tata Steel Chess 2016 GM-B"]
[Site "Wijk aan Zee NED"]
[Date "2016.01.22"]
[Round "6.4"]
[White "Ju, Wenjun"]
[Black "Nisipeanu, Liviu-Dieter"]
[Result "1/2-1/2"]
[WhiteElo "2548"]
[BlackElo "2679"]
[PlyCount "88"]
[EventDate "2016.01.16"]
[EventType "tourn"]
[EventRounds "13"]
[EventCategory "13"]
[Source "lmi"]
[SourceDate "2016.01.16"]

1. c4 e5 2. Nc3 Bb4 3. Nd5 Bc5 4. Nf3 e4 5. d4 Bf8 6. Nd2 c6 7. Nc3 f5 8. e3
Nf6 9. Be2 d5 10. Qc2 Be6 11. a3 Nbd7 12. b4 a6 13. Na4 Bd6 14. Bb2 Rb8 15. Nc5
Bf7 16. f4 exf3 17. gxf3 Qe7 18. O-O-O O-O 19. Nxd7 Nxd7 20. e4 fxe4 21. fxe4
dxe4 22. Nxe4 Bg6 23. Bd3 Rf3 24. Nxd6 Rxd3 25. Rxd3 Qxd6 26. Rg1 Rf8 27. Rxg6
Qxg6 28. Rd1 Qxc2+ 29. Kxc2 Rf2+ 30. Rd2 Rxd2+ 31. Kxd2 b5 32. Kd3 Nb6 33. c5
Nd5 34. Ke4 Kf7 35. Ke5 Ke7 36. Bc1 h6 37. Bd2 Nf6 38. Kf5 Nd5 39. Kg6 Kf8 40.
Kf5 Ke7 41. Be1 Kf7 42. Ke5 Ke7 43. Kf5 Kf7 44. Ke5 Ke7 1/2-1/2

[Event "Tata Steel Chess 2016 GM-B"]
[Site "Wijk aan Zee NED"]
[Date "2016.01.22"]
[Round "6.5"]
[White "Haast, Anne"]
[Black "Safarli, Eltaj"]
[Result "0-1"]
[WhiteElo "2391"]
[BlackElo "2653"]
[PlyCount "62"]
[EventDate "2016.01.16"]
[EventType "tourn"]
[EventRounds "13"]
[EventCategory "13"]
[Source "lmi"]
[SourceDate "2016.01.16"]

1. e4 e5 2. Nf3 Nc6 3. Bb5 Nd4 4. Nxd4 exd4 5. O-O Bc5 6. Be2 Ne7 7. d3 O-O 8.
Nd2 a5 9. e5 d5 10. exd6 Bxd6 11. Nc4 Be6 12. Nxd6 Qxd6 13. Bf3 Bd5 14. Re1
Rfe8 15. Bd2 a4 16. a3 Ng6 17. Bxd5 Qxd5 18. Qg4 h5 19. Qg3 Qc6 20. c3 Rxe1+
21. Rxe1 Re8 22. f4 Rxe1+ 23. Qxe1 dxc3 24. bxc3 Qc5+ 25. Kf1 Qxa3 26. f5 Nf8
27. f6 Qd6 28. fxg7 Qxd3+ 29. Kg1 Ne6 30. Bh6 a3 31. Qc1 Qa6 0-1

[Event "Tata Steel Chess 2016 GM-B"]
[Site "Wijk aan Zee NED"]
[Date "2016.01.22"]
[Round "6.7"]
[White "Dreev, Aleksey"]
[Black "L'Ami, Erwin"]
[Result "1/2-1/2"]
[WhiteElo "2644"]
[BlackElo "2627"]
[PlyCount "72"]
[EventDate "2016.01.16"]
[EventType "tourn"]
[EventRounds "13"]
[EventCategory "13"]
[Source "lmi"]
[SourceDate "2016.01.16"]

1. d4 Nf6 2. c4 e6 3. Nf3 Bb4+ 4. Bd2 Bxd2+ 5. Qxd2 O-O 6. Nc3 d5 7. e3 Nbd7 8.
Bd3 dxc4 9. Bxc4 c5 10. O-O cxd4 11. Qxd4 Nb6 12. Be2 Qxd4 13. Nxd4 Bd7 14.
Rac1 Rfd8 15. Rfd1 Kf8 16. Nb3 Ba4 17. Nxa4 Nxa4 18. Rc2 Rxd1+ 19. Bxd1 Rd8 20.
Be2 Nd5 21. g3 a6 22. a3 Rd7 23. Bf3 Rc7 24. Rd2 Nf6 25. Na5 b6 26. Nc6 g5 27.
h3 h5 28. Ne5 Kg7 29. Bc6 b5 30. Kg2 Nb6 31. b3 Nbd5 32. Rd4 Ne7 33. Rd6 Nf5
34. Rd8 Ne7 35. Rd6 Nf5 36. Rd8 Ne7 1/2-1/2

[Event "Tata Steel Chess 2016 GM-B"]
[Site "Wijk aan Zee NED"]
[Date "2016.01.23"]
[Round "7.1"]
[White "L'Ami, Erwin"]
[Black "Van Foreest, Jorden"]
[Result "0-1"]
[WhiteElo "2627"]
[BlackElo "2541"]
[PlyCount "122"]
[EventDate "2016.01.16"]
[EventType "tourn"]
[EventRounds "13"]
[EventCategory "13"]
[Source "lmi"]
[SourceDate "2016.01.16"]

1. d4 d5 2. c4 c6 3. e3 Nf6 4. Nc3 Bf5 5. Nf3 e6 6. Bd3 Bg6 7. O-O Nbd7 8. b3
Bd6 9. Bb2 Ne4 10. Ne2 Qb8 11. Ng3 a6 12. a4 O-O 13. Ba3 Bxa3 14. Rxa3 e5 15.
Bxe4 dxe4 16. Nh4 Nf6 17. dxe5 Qxe5 18. Ra2 Bh5 19. Qa1 Qxa1 20. Rfxa1 Rfd8 21.
Nhf5 Bg4 22. c5 Bxf5 23. Nxf5 Rd3 24. Rb2 Rad8 25. h3 g6 26. Nd6 Rc3 27. b4 Rd7
28. Rd2 Re7 29. Rd4 h5 30. h4 Kg7 31. Rad1 Ra3 32. a5 Rb3 33. Kh2 Rb2 34. Kg3
Nd5 35. Nxe4 Nxb4 36. R1d2 Rb3 37. Ng5 Nd5 38. R2d3 Rb5 39. Re4 Rxe4 40. Nxe4
Rxa5 41. Nd6 Rxc5 42. Nxb7 Rc2 43. Nd8 a5 44. Nxc6 Nxe3 45. Rxe3 Rxc6 46. Ra3
Ra6 47. Ra4 Kf6 48. Kf4 Ke6 49. Ke4 Kd6 50. Kd4 Kc6 51. Kc4 Ra8 52. f3 Kb6 53.
Kb3 Re8 54. Rd4 Re7 55. Rd6+ Kc5 56. Rf6 Kd5 57. g4 Ke5 58. g5 Kd4 59. f4 Ke4
60. f5 gxf5 61. Rh6 f4 0-1

[Event "Tata Steel Chess 2016 GM-B"]
[Site "Wijk aan Zee NED"]
[Date "2016.01.23"]
[Round "7.5"]
[White "Batsiashvili, Nino"]
[Black "Ju, Wenjun"]
[Result "1/2-1/2"]
[WhiteElo "2485"]
[BlackElo "2548"]
[PlyCount "123"]
[EventDate "2016.01.16"]
[EventType "tourn"]
[EventRounds "13"]
[EventCategory "13"]
[Source "lmi"]
[SourceDate "2016.01.16"]

1. d4 Nf6 2. c4 e6 3. Nc3 Bb4 4. Qc2 O-O 5. Nf3 d5 6. Bg5 dxc4 7. e4 h6 8. Bxf6
Qxf6 9. Bxc4 Nc6 10. Rd1 Rd8 11. e5 Qf4 12. Qe2 Nxd4 13. Nxd4 Rxd4 14. Bd3
Bxc3+ 15. bxc3 Rd5 16. O-O Qxe5 17. Qxe5 Rxe5 18. Bc4 Kf8 19. Rd8+ Ke7 20. Rg8
b5 21. f4 Rc5 22. Be2 g6 23. Bf3 c6 24. Rh8 h5 25. f5 Rxf5 26. Bxc6 Rxf1+ 27.
Kxf1 Rb8 28. Kf2 Kd6 29. Bf3 e5 30. Rf8 f5 31. Rg8 e4 32. Rxg6+ Be6 33. Bxh5
Ke5 34. g4 Rh8 35. h4 Bxa2 36. Rg5 Be6 37. gxf5 Bc4 38. Be2 Rxh4 39. Bxc4 bxc4
40. Kg3 Rh1 41. f6+ Kxf6 42. Rc5 Rf1 43. Rxc4 Ke5 44. Rc7 a6 45. Re7+ Kd5 46.
Rd7+ Ke6 47. Rd8 Rf6 48. c4 a5 49. Rd4 a4 50. Rxe4+ Kd7 51. Re1 Ra6 52. Kf3
Rf6+ 53. Kg3 a3 54. Ra1 Ra6 55. Kf3 Kd6 56. Ke3 Kc5 57. Kd3 Kb4 58. Rb1+ Ka4
59. Kc3 a2 60. Rb4+ Ka5 61. Rb5+ Ka4 62. Rb4+ 1/2-1/2

[Event "Tata Steel Chess 2016 GM-B"]
[Site "Wijk aan Zee NED"]
[Date "2016.01.23"]
[Round "7.7"]
[White "Abasov, Nijat"]
[Black "Admiraal, Miguoel"]
[Result "1/2-1/2"]
[WhiteElo "2556"]
[BlackElo "2441"]
[PlyCount "109"]
[EventDate "2016.01.16"]
[EventType "tourn"]
[EventRounds "13"]
[EventCategory "13"]
[Source "lmi"]
[SourceDate "2016.01.16"]

1. d4 e6 2. Nf3 Nf6 3. Bf4 c5 4. e3 Nc6 5. Nbd2 d5 6. c3 Bd6 7. Bg3 O-O 8. Bd3
Qe7 9. Ne5 Rd8 10. f4 Nd7 11. O-O Nf8 12. Qf3 f6 13. Nxc6 bxc6 14. e4 Bc7 15.
Bf2 Rb8 16. Rab1 cxd4 17. cxd4 Rb6 18. Rfe1 Ba6 19. Bc2 Qf7 20. b4 Rbb8 21. a3
Bb6 22. Nb3 Bc4 23. Nc5 dxe4 24. Bxe4 Bd5 25. Qc3 Bxe4 26. Rxe4 Rd5 27. Nb3 Qd7
28. Rbe1 Re8 29. Qc4 Qd6 30. a4 a5 31. bxa5 Bxa5 32. Rc1 Rc8 33. Qa6 Qc7 34.
Nc5 Bd2 35. Rc2 f5 36. Re2 Bxf4 37. g3 Bd6 38. Nxe6 Nxe6 39. Rxe6 Qd7 40. Rce2
Rb8 41. a5 h6 42. Qc4 Rb1+ 43. Kg2 Rb4 44. Qa2 Rbb5 45. Be1 Kh7 46. Qc4 Bb4 47.
Bxb4 Rxd4 48. Qxc6 Qxc6+ 49. Rxc6 Rdxb4 50. Ra2 Rb2+ 51. Rxb2 Rxb2+ 52. Kg1 Ra2
53. a6 g5 54. h4 gxh4 55. gxh4 1/2-1/2

[Event "Tata Steel Chess 2016 GM-B"]
[Site "Wijk aan Zee NED"]
[Date "2016.01.24"]
[Round "8.1"]
[White "Van Foreest, Jorden"]
[Black "Admiraal, Miguoel"]
[Result "1/2-1/2"]
[WhiteElo "2541"]
[BlackElo "2441"]
[PlyCount "113"]
[EventDate "2016.01.16"]
[EventType "tourn"]
[EventRounds "13"]
[EventCategory "13"]
[Source "lmi"]
[SourceDate "2016.01.16"]

1. d4 e6 2. Nf3 Nf6 3. Bf4 c5 4. e3 Nc6 5. Nbd2 d5 6. c3 Bd6 7. Bg3 O-O 8. Bd3
b6 9. e4 Be7 10. Qc2 h6 11. O-O cxd4 12. e5 Nh5 13. Nxd4 Nxd4 14. cxd4 Bb7 15.
Nf3 Nxg3 16. hxg3 Qd7 17. g4 Bc6 18. a4 Rfc8 19. Qd1 a5 20. Qb3 Rcb8 21. Rfc1
b5 22. Bb1 Rb6 23. Qc2 g6 24. axb5 Bxb5 25. Qd2 Kg7 26. Rxa5 Rab8 27. b3 Bc4
28. g5 h5 29. bxc4 Bb4 30. Qa2 Bxa5 31. Bxg6 fxg6 32. Qxa5 Rb1 33. Qc3 Rxc1+
34. Qxc1 dxc4 35. Qxc4 Rb1+ 36. Kh2 Qf7 37. d5 exd5 38. Qd4 Kh7 39. Qd2 Rb8 40.
Kg3 Rf8 41. Qb4 Qf5 42. Qd6 Kg7 43. Qxd5 h4+ 44. Kh2 h3 45. Qd4 hxg2 46. e6+
Kg8 47. e7 Re8 48. Qc4+ Qf7 49. Qxf7+ Kxf7 50. Ne5+ Kxe7 51. Nxg6+ Ke6 52. Nf4+
Kf5 53. Nh3 Ra8 54. Kxg2 Ra3 55. f3 Rb3 56. Kg3 Ra3 57. Kg2 1/2-1/2

[Event "Tata Steel Chess 2016 GM-B"]
[Site "Wijk aan Zee NED"]
[Date "2016.01.24"]
[Round "8.2"]
[White "Bok, Benjamin"]
[Black "Abasov, Nijat"]
[Result "1/2-1/2"]
[WhiteElo "2607"]
[BlackElo "2556"]
[PlyCount "46"]
[EventDate "2016.01.16"]
[EventType "tourn"]
[EventRounds "13"]
[EventCategory "13"]
[Source "lmi"]
[SourceDate "2016.01.16"]

1. e4 e5 2. Nf3 Nc6 3. Bc4 Bc5 4. O-O Nf6 5. d3 a6 6. c3 d6 7. Nbd2 O-O 8. Bb3
Re8 9. h3 Be6 10. Bc2 h6 11. Re1 d5 12. exd5 Bxd5 13. b4 Ba7 14. a4 b5 15. Bb2
Qd6 16. Ne4 Qe6 17. Nfd2 Rad8 18. Qe2 Nh7 19. axb5 axb5 20. Ng3 Ng5 21. Nge4
Nh7 22. Ng3 Ng5 23. Nge4 Nh7 1/2-1/2

[Event "Tata Steel Chess 2016 GM-B"]
[Site "Wijk aan Zee NED"]
[Date "2016.01.24"]
[Round "8.4"]
[White "Haast, Anne"]
[Black "Batsiashvili, Nino"]
[Result "1-0"]
[WhiteElo "2391"]
[BlackElo "2485"]
[PlyCount "39"]
[EventDate "2016.01.16"]
[EventType "tourn"]
[EventRounds "13"]
[EventCategory "13"]
[Source "lmi"]
[SourceDate "2016.01.16"]

1. e4 e5 2. Nf3 Nc6 3. Bb5 a6 4. Ba4 Nge7 5. c3 g6 6. d4 exd4 7. cxd4 Bg7 8. d5
Na5 9. Bd2 Nc4 10. Bc3 Bxc3+ 11. Nxc3 Nxb2 12. Qd4 O-O 13. Bb3 c5 14. Qd2 c4
15. Qxb2 cxb3 16. d6 Nc6 17. Nd5 Qa5+ 18. Nd2 Rd8 19. Nf6+ Kf8 20. Ng4 1-0

[Event "Tata Steel Chess 2016 GM-B"]
[Site "Wijk aan Zee NED"]
[Date "2016.01.24"]
[Round "8.6"]
[White "Dreev, Aleksey"]
[Black "Safarli, Eltaj"]
[Result "1/2-1/2"]
[WhiteElo "2644"]
[BlackElo "2653"]
[PlyCount "46"]
[EventDate "2016.01.16"]
[EventType "tourn"]
[EventRounds "13"]
[EventCategory "13"]
[Source "lmi"]
[SourceDate "2016.01.16"]

1. d4 Nf6 2. c4 e6 3. Nf3 Bb4+ 4. Nbd2 d5 5. Qa4+ Nc6 6. a3 Bxd2+ 7. Bxd2 Ne4
8. Rd1 O-O 9. e3 Bd7 10. Qc2 Be8 11. b4 a6 12. Rc1 f5 13. b5 Nxd2 14. Qxd2 axb5
15. cxb5 Ne7 16. Rc3 c6 17. bxc6 Nxc6 18. Be2 Na5 19. Qb2 b5 20. Bxb5 Qb6 21.
a4 Nc4 22. Qc1 Bxb5 23. axb5 Qxb5 1/2-1/2

[Event "Tata Steel Chess 2016 GM-B"]
[Site "Wijk aan Zee NED"]
[Date "2016.01.26"]
[Round "9.2"]
[White "Safarli, Eltaj"]
[Black "L'Ami, Erwin"]
[Result "1/2-1/2"]
[WhiteElo "2653"]
[BlackElo "2627"]
[PlyCount "59"]
[EventDate "2016.01.16"]
[EventType "tourn"]
[EventRounds "13"]
[EventCountry "NED"]
[EventCategory "13"]
[Source "lmi"]
[SourceDate "2016.01.16"]

1. e4 e5 2. Nf3 Nc6 3. Bc4 Bc5 4. d3 Nf6 5. Nc3 d6 6. Bg5 h6 7. Bxf6 Qxf6 8.
Nd5 Qd8 9. c3 O-O 10. O-O a6 11. d4 Ba7 12. h3 Be6 13. Re1 exd4 14. cxd4 Nb4
15. Qb3 Nxd5 16. Bxd5 Bxd5 17. Qxd5 c6 18. Qb3 Qb6 19. Qc2 Rae8 20. Rad1 d5 21.
exd5 cxd5 22. Re5 Rd8 23. Rde1 Bb8 24. R5e2 Bd6 25. Qf5 Qb5 26. a3 Rc8 27. Rc2
Rxc2 28. Qxc2 Re8 29. Rxe8+ Qxe8 30. g3 1/2-1/2

[Event "Tata Steel Chess 2016 GM-B"]
[Site "Wijk aan Zee NED"]
[Date "2016.01.26"]
[Round "9.3"]
[White "Nisipeanu, Liviu-Dieter"]
[Black "Dreev, Aleksey"]
[Result "1/2-1/2"]
[WhiteElo "2679"]
[BlackElo "2644"]
[PlyCount "62"]
[EventDate "2016.01.16"]
[EventType "tourn"]
[EventRounds "13"]
[EventCountry "NED"]
[EventCategory "13"]
[Source "lmi"]
[SourceDate "2016.01.16"]

1. e4 c6 2. Nf3 d5 3. exd5 cxd5 4. Ne5 a6 5. d4 Nd7 6. Nf3 Ndf6 7. c3 Bg4 8. h3
Bh5 9. g4 Bg6 10. Qb3 Qc7 11. g5 Nd7 12. Qxd5 e6 13. Qc4 Qa5 14. Bg2 h6 15. Nh4
Bxb1 16. Rxb1 hxg5 17. Bxb7 Rb8 18. Nf3 Qf5 19. Bc6 Qxb1 20. Bxd7+ Kd8 21. O-O
Qf5 22. Ne5 Qxh3 23. Nxf7+ Kxd7 24. Ne5+ Kd8 25. Nf7+ Kd7 26. Ne5+ Kd8 27. Nf7+
Ke8 28. Nxh8 Qg4+ 29. Kh1 Qh3+ 30. Kg1 Qg4+ 31. Kh1 Qh3+ 1/2-1/2

[Event "Tata Steel Chess 2016 GM-B"]
[Site "Wijk aan Zee NED"]
[Date "2016.01.26"]
[Round "9.6"]
[White "Abasov, Nijat"]
[Black "Ju, Wenjun"]
[Result "1-0"]
[WhiteElo "2556"]
[BlackElo "2548"]
[PlyCount "123"]
[EventDate "2016.01.16"]
[EventType "tourn"]
[EventRounds "13"]
[EventCountry "NED"]
[EventCategory "13"]
[Source "lmi"]
[SourceDate "2016.01.16"]

1. Nf3 Nf6 2. g3 g6 3. Bg2 Bg7 4. O-O O-O 5. d4 d5 6. Nbd2 c6 7. b3 a5 8. c4
Bf5 9. Bb2 Ne4 10. Rc1 a4 11. bxa4 Qa5 12. a3 Qxa4 13. Nh4 Nxd2 14. Qxd2 Be6
15. cxd5 cxd5 16. f4 Nc6 17. f5 gxf5 18. Nxf5 Bxf5 19. Rxf5 e6 20. Rg5 f6 21.
Rh5 f5 22. g4 Bxd4+ 23. e3 Bxb2 24. Qxb2 Qxa3 25. Rg5+ Kf7 26. Rg7+ Ke8 27. Qb1
Rf7 28. Rxf7 Kxf7 29. gxf5 Qxe3+ 30. Kh1 Ra2 31. fxe6+ Ke8 32. Rg1 Rxg2 33.
Rxg2 Qxe6 34. Qxh7 Ne7 35. Qb1 b6 36. Qb4 Qf6 37. Kg1 Qa1+ 38. Kf2 Qf6+ 39. Ke2
Qe5+ 40. Kd2 d4 41. Re2 Qf4+ 42. Kd1 Qf1+ 43. Re1 Qf6 44. Qa4+ Kf8 45. Qa8+ Kg7
46. Qb7 Kf7 47. Qe4 Ng6 48. Qe8+ Kg7 49. Qd7+ Kh6 50. Qh3+ Kg7 51. Re6 Qg5 52.
Rd6 Qg1+ 53. Kc2 Qf2+ 54. Kb3 Qg1 55. Rd7+ Kf6 56. Qf3+ Kg5 57. Rd5+ Kh6 58.
Rh5+ Kg7 59. Qb7+ Kf6 60. Qc6+ Kf7 61. Qd7+ Ne7 62. Rf5+ 1-0

[Event "Tata Steel Chess 2016 GM-B"]
[Site "Wijk aan Zee NED"]
[Date "2016.01.26"]
[Round "9.7"]
[White "Admiraal, Miguoel"]
[Black "Bok, Benjamin"]
[Result "0-1"]
[WhiteElo "2441"]
[BlackElo "2607"]
[PlyCount "66"]
[EventDate "2016.01.16"]
[EventType "tourn"]
[EventRounds "13"]
[EventCountry "NED"]
[EventCategory "13"]
[Source "lmi"]
[SourceDate "2016.01.16"]

1. e4 c5 2. Nf3 d6 3. Bb5+ Nd7 4. O-O a6 5. Bd3 Ngf6 6. Re1 e6 7. c3 Be7 8. Bc2
b5 9. d4 Bb7 10. a4 cxd4 11. cxd4 O-O 12. Nbd2 bxa4 13. Rxa4 Qc7 14. Bd3 Rfc8
15. Ra1 e5 16. Nf1 exd4 17. Nxd4 Bf8 18. Ng3 Re8 19. Bg5 g6 20. Qd2 d5 21. exd5
Nxd5 22. Rxe8 Rxe8 23. Be4 Nc5 24. Bf3 Qe5 25. Rd1 h6 26. Bxh6 Bxh6 27. Qxh6
Nf4 28. h4 Ncd3 29. Bxb7 Qxd4 30. Rf1 Nxf2 31. Rxf2 Re1+ 32. Nf1 Rxf1+ 33. Kxf1
Qd1# 0-1

[Event "Tata Steel Chess 2016 GM-B"]
[Site "Wijk aan Zee NED"]
[Date "2016.01.27"]
[Round "10.1"]
[White "Van Foreest, Jorden"]
[Black "Bok, Benjamin"]
[Result "1-0"]
[WhiteElo "2541"]
[BlackElo "2607"]
[PlyCount "77"]
[EventDate "2016.01.16"]
[EventType "tourn"]
[EventRounds "13"]
[EventCountry "NED"]
[EventCategory "13"]
[Source "lmi"]
[SourceDate "2016.01.16"]

1. e4 c5 2. Nf3 d6 3. d4 cxd4 4. Nxd4 Nf6 5. Nc3 a6 6. Be3 Ng4 7. Bc1 Nf6 8. f3
e6 9. Be3 b5 10. g4 Bb7 11. a3 Nfd7 12. Qd2 Be7 13. O-O-O Nb6 14. Nb3 Nc4 15.
Bxc4 bxc4 16. Nd4 Nd7 17. g5 Rb8 18. h4 Nc5 19. Nde2 Qa5 20. Bd4 O-O 21. Bf6
gxf6 22. gxf6 Bxf6 23. Qh6 Nxe4 24. fxe4 Qe5 25. Nd4 Bg7 26. Qe3 Kh8 27. Rhg1
Ba8 28. Nf3 Qh5 29. Rxg7 Kxg7 30. Rg1+ Kf6 31. Rg5 Qh6 32. e5+ dxe5 33. Qxe5+
Ke7 34. Qc7+ Kf6 35. Nd4 Qxg5+ 36. hxg5+ Kxg5 37. Nce2 Kf6 38. Nf4 Be4 39. Nh5+
1-0

[Event "Tata Steel Chess 2016 GM-B"]
[Site "Wijk aan Zee NED"]
[Date "2016.01.27"]
[Round "10.2"]
[White "Ju, Wenjun"]
[Black "Admiraal, Miguoel"]
[Result "1-0"]
[WhiteElo "2548"]
[BlackElo "2441"]
[PlyCount "81"]
[EventDate "2016.01.16"]
[EventType "tourn"]
[EventRounds "13"]
[EventCountry "NED"]
[EventCategory "13"]
[Source "lmi"]
[SourceDate "2016.01.16"]

1. d4 e6 2. c4 d5 3. Nf3 Nf6 4. g3 Bb4+ 5. Bd2 Bd6 6. Nc3 O-O 7. Bg5 c6 8. e4
dxe4 9. Nxe4 Bb4+ 10. Nc3 h6 11. Bd2 b5 12. c5 e5 13. dxe5 Bg4 14. Be2 Nfd7 15.
Ne4 Bxf3 16. Bxf3 Bxd2+ 17. Qxd2 Nxe5 18. Be2 Na6 19. O-O-O Qxd2+ 20. Rxd2 f5
21. Nd6 f4 22. Ne4 Rae8 23. Rd4 f3 24. Bd1 Ng4 25. Bc2 Re7 26. h3 Ne5 27. Rhd1
Nc7 28. Bb3+ Kh8 29. Rd8 Ree8 30. Rxe8 Rxe8 31. Nd6 Rf8 32. Rd4 a5 33. a3 Na6
34. Ne4 Re8 35. Kd2 a4 36. Ba2 Rb8 37. Ke3 b4 38. Kf4 Re8 39. Bc4 Nxc4 40. Rxc4
Rf8+ 41. Ke5 1-0

[Event "Tata Steel Chess 2016 GM-B"]
[Site "Wijk aan Zee NED"]
[Date "2016.01.27"]
[Round "10.3"]
[White "Haast, Anne"]
[Black "Abasov, Nijat"]
[Result "0-1"]
[WhiteElo "2391"]
[BlackElo "2556"]
[PlyCount "74"]
[EventDate "2016.01.16"]
[EventType "tourn"]
[EventRounds "13"]
[EventCountry "NED"]
[EventCategory "13"]
[Source "lmi"]
[SourceDate "2016.01.16"]

1. e4 e5 2. Nf3 Nc6 3. Bb5 a6 4. Ba4 Nge7 5. c3 g6 6. d4 exd4 7. cxd4 b5 8. Bc2
d5 9. exd5 Nxd5 10. O-O Be6 11. Nc3 Bg7 12. Bg5 Nxc3 13. bxc3 Qd7 14. Be4 f5
15. Bc2 Na5 16. Re1 O-O 17. Ne5 Bxe5 18. dxe5 Qxd1 19. Bxd1 Kf7 20. Bf3 Rab8
21. Rad1 Nc4 22. h3 Nb6 23. Rd4 Na4 24. a3 a5 25. Rc1 h5 26. g4 hxg4 27. hxg4
fxg4 28. Bg2 Nb2 29. Kh2 Rh8+ 30. Kg3 Rh5 31. Bf6 Nc4 32. Re1 a4 33. f4 gxf3
34. Bxf3 Rh3+ 35. Kf4 Rg8 36. Bg2 g5+ 37. Bxg5 Rh5 0-1

[Event "Tata Steel Chess 2016 GM-B"]
[Site "Wijk aan Zee NED"]
[Date "2016.01.27"]
[Round "10.5"]
[White "Dreev, Aleksey"]
[Black "Batsiashvili, Nino"]
[Result "1-0"]
[WhiteElo "2644"]
[BlackElo "2485"]
[PlyCount "65"]
[EventDate "2016.01.16"]
[EventType "tourn"]
[EventRounds "13"]
[EventCountry "NED"]
[EventCategory "13"]
[Source "lmi"]
[SourceDate "2016.01.16"]

1. d4 d5 2. c4 e6 3. Nc3 Be7 4. cxd5 exd5 5. Bf4 Nf6 6. e3 Bf5 7. Nge2 O-O 8.
Ng3 Be6 9. Bd3 c5 10. dxc5 Bxc5 11. O-O Nc6 12. Rc1 Bd6 13. Nge2 Ne5 14. Nb5
Bb8 15. Nbd4 Qb6 16. Bc2 Qxb2 17. Bg5 Ned7 18. h3 Qa3 19. Rb1 b6 20. f4 h6 21.
Bh4 Qxe3+ 22. Bf2 Qa3 23. f5 Nc5 24. fxe6 fxe6 25. Nb5 Qxa2 26. Bd4 Nfe4 27.
Rxf8+ Kxf8 28. Nec3 Nxc3 29. Qf3+ Ke7 30. Bxc5+ bxc5 31. Qxc3 Qc4 32. Qxc4 dxc4
33. Be4 1-0

[Event "Tata Steel Chess 2016 GM-B"]
[Site "Wijk aan Zee NED"]
[Date "2016.01.27"]
[Round "10.6"]
[White "L'Ami, Erwin"]
[Black "Nisipeanu, Liviu-Dieter"]
[Result "1/2-1/2"]
[WhiteElo "2627"]
[BlackElo "2679"]
[PlyCount "68"]
[EventDate "2016.01.16"]
[EventType "tourn"]
[EventRounds "13"]
[EventCountry "NED"]
[EventCategory "13"]
[Source "lmi"]
[SourceDate "2016.01.16"]

1. d4 Nf6 2. c4 e6 3. Nf3 d5 4. g3 Bb4+ 5. Bd2 Be7 6. Bg2 O-O 7. O-O Nbd7 8.
Qc2 c6 9. Rd1 Ne4 10. Be1 f5 11. b4 Qe8 12. a4 Rf6 13. b5 Rh6 14. Nbd2 g5 15.
Nf1 g4 16. Ne5 Nxe5 17. dxe5 Bd7 18. cxd5 cxd5 19. Rdc1 b6 20. Bxe4 fxe4 21.
Bc3 a6 22. Bd4 axb5 23. axb5 Rxa1 24. Rxa1 Bxb5 25. Bxb6 Qc6 26. Qd2 Rg6 27.
Bd4 h6 28. Qb2 Kh7 29. Ne3 Rg7 30. Ra7 Bg5 31. Ra1 h5 32. Rc1 Qa6 33. Ra1 Qc6
34. Rc1 Qa6 1/2-1/2

[Event "Tata Steel Chess 2016 GM-B"]
[Site "Wijk aan Zee NED"]
[Date "2016.01.29"]
[Round "11.1"]
[White "Safarli, Eltaj"]
[Black "Van Foreest, Jorden"]
[Result "1-0"]
[WhiteElo "2653"]
[BlackElo "2541"]
[PlyCount "123"]
[EventDate "2016.01.16"]
[EventType "tourn"]
[EventRounds "13"]
[EventCountry "NED"]
[EventCategory "13"]
[Source "lmi"]
[SourceDate "2016.01.16"]

1. e4 e6 2. d4 d5 3. Nc3 Bb4 4. e5 Ne7 5. a3 Bxc3+ 6. bxc3 b6 7. Qg4 Ng6 8. h4
h5 9. Qg3 Ba6 10. Bxa6 Nxa6 11. Qd3 Nb8 12. Bg5 Qd7 13. Ne2 Nc6 14. Qf3 Nge7
15. Nf4 g6 16. Nh3 Ng8 17. O-O Na5 18. a4 Nc4 19. Rfd1 a5 20. Qf4 Nb2 21. Re1
Nc4 22. Ra2 Rb8 23. f3 Rh7 24. g4 b5 25. axb5 Rxb5 26. Qg3 c5 27. gxh5 Rxh5 28.
Nf4 Rh8 29. h5 gxh5 30. Kf2 cxd4 31. cxd4 Qa7 32. c3 Ne7 33. Qh3 h4 34. Bf6 Rg8
35. Qxh4 Rb3 36. Ne2 Nf5 37. Qh7 Rf8 38. Rg1 Kd7 39. Rg5 Qb6 40. Rxf5 exf5 41.
Qxf5+ Qe6 42. Qh7 Qb6 43. Qg7 Ke8 44. Ra1 Qb8 45. Rh1 Kd7 46. e6+ Kc6 47. Be5
Nxe5 48. dxe5 Rb2 49. exf7 Qa7+ 50. Kg3 Qxf7 51. Nd4+ Kb7 52. Qxf7+ Rxf7 53. e6
Rf8 54. f4 a4 55. Ra1 Ra8 56. f5 Kc7 57. f6 Kd6 58. Re1 Rbb8 59. Nf5+ Kc6 60.
e7 Kd7 61. f7 a3 62. Ng7 1-0